000 008750000a22001930004500
082 0 4 _aG 273.4 W34s
100 1 _aWillis, Geoffrey Grimshaw
245 1 0 _aSaint Augustine and the donatist controversy / Geoffrey Grimshaw Willis
260 _aLondon : SPCK
300 _axv, 198 páginas
501 _aPasta dura
505 0 0 _aSan Agustín y la controversia donatista - La historia del donatismo antes del tiempo de San Agustín - La situación al tiempo del sacerdocio de San Agustín - La lucha de San Agustín con los donatistas - La doctrina de la iglesia de San Agustín - Iglesia y estado - La doctrina de la ministración de los sacramentos de San Agustín
650 1 4 _aPadres de la iglesia \ Doctrina cristiana
001 19045
942 _cBK
999 _c45423
_d45423
336 _atexto
_btxt
_2rdacontent
337 _2rdamedia
_asin mediación
_bn
338 _2rdacarrier
_avolumen
_bnc